000 00505 a2200217 4500
001 113846
020 _a9780439944489
041 _apor
082 _aYear 5 530
100 _aArnold, Nick.
300 _a159 p.
490 _aHorrible science
697 _aPhysics.
830 _aHorrible science
856 _u000009/00000924.jpg
040 _aBR-BrIDEA
_cBR-BrIDEA
090 _aYear 5 530
_bARN
245 1 0 _aFatal forces
_c Nick Arnold
260 _a[S.l.]
_bScholastic
_c1999
942 _cBK
999 _c113846
_d113846